000 00684nam a22002532a 4500
999 _c7630
_d7630
001 7630
003 UkOxU
005 20180212133100.0
008 500101s1971 nyua b 001 0 eng d
020 _a0471444006
035 _aOCLC ocm00131863 from D951212M
040 _aDLC
_cDLC
_dEQO
041 _aeng
050 0 _aLB1051
_b.J584
082 _a370.152
_bJOH 1971
100 1 _aJohnson, Paul Erick,
_d1938-
245 1 0 _aPsychology of school learning /
_c[by] Paul E. Johnson
260 _aNew York :
_bWiley,
_c[1971]
300 _avii, 124 p. :
_billus.
_c24 cm.
504 _aIncludes bibliographies
650 0 _aLearning, Psychology of
942 _2ddc
_cBK